| 000 | 00947nam a2200289 a 4500 | ||
|---|---|---|---|
| 008 | |||
| 020 | _a0829901930 (pbk.) | ||
| 049 | _aMAIN | ||
| 090 | 0 | 1 | _aHD30.25 |
| 100 | 1 | _aAnderson, David Ray. | |
| 245 | 1 | 3 |
_aAn introduction to management science : _bquantitative approaches to decision making / _cDavid R. Anderson, Dennis J. Sweeney, Thomas A. Williams. |
| 250 | _a2nd ed. | ||
| 260 |
_aSt. Paul : _bWest, _cc1979. |
||
| 300 |
_axvi, 758 p. : _bill. ; _c25 cm. |
||
| 500 | _aIncludes index. | ||
| 504 | _aIncludes bibliographical references. | ||
| 650 | 0 |
_aManagement _xMathematical models. |
|
| 650 | 0 | _aLinear programming. | |
| 650 | 0 | _aOperations research. | |
| 700 | 1 |
_aSweeney, Dennis J., _ejoint author. |
|
| 700 | 1 | _aWilliams, Thomas Arthur. | |
| 907 |
_a.b10101883 _b06-05-13 _c08-12-03 |
||
| 003 | |||
| 005 | 20230123133538.0 | ||
| 040 | _cNUST | ||
| 942 |
_cBOOKS _kHD30.25 |
||
| 999 |
_c150474 _d150474 |
||